Notas sobre la modernización del Estado: tema obligado en la agenda de los gobiernos /

Kaydedildi:
Detaylı Bibliyografya
Yazar: Chévez Molina, Luis A.
Diğer Yazarlar: Fonseca Renauld, Jorge
Materyal Türü: Metin
Etiketler: Etiketle
Etiket eklenmemiş, İlk siz ekleyin!

MARC

LEADER 00000 a a2200000 04500
001 14072
003
040
100 |a Chévez Molina, Luis A.  
245 |a Notas sobre la modernización del Estado:   |b tema obligado en la agenda de los gobiernos /  |c Chévez Molina 
700 |a Fonseca Renauld, Jorge  
773 |g número 28 -29; páginas 223-245  
999 |c 26248  |d 26248